Vista normal Vista MARC

Entrada Corporate Name

Número de registros utilizados en: 1

001 - CONTROL NUMBER

  • control field: 41666

003 - CONTROL NUMBER IDENTIFIER

  • control field: OSt

005 - DATE AND TIME OF LATEST TRANSACTION

  • control field: 20211123161942.0

008 - FIXED-LENGTH DATA ELEMENTS

  • fixed length control field: 211123|| aca||aabn | a|a d

040 ## - CATALOGING SOURCE

  • Original cataloging agency: OSt
  • Transcribing agency: OSt

110 ## - HEADING--CORPORATE NAME

  • Corporate name or jurisdiction name as entry element: Argentina.
  • Subordinate unit: Ministerio de Economía y Obras y Servicios Públicos, secretaria de Hacienda Argentina

670 ## - SOURCE DATA FOUND

  • Source citation: Work cat.: (OSt)12782: 29205, El sistema de crédito publico en el marco de programa de reforma de la administración financiera gubernamental /, 1997